000 00640nam a22001937a 4500
003 BD-DhJNU
005 20250408061027.0
008 250408b |||||||| |||| 00| 0 eng d
040 _aBD-DhJNU
_bENG
_cBD-DhJNU
_dBD-DhJNU
082 _223
_a016.3046
100 _aSabur, Sohela
245 _aPopulation and family planning research Bangladesh :
_ban annotated bibliography /
_cSohela Sabur and Md. Najmul Huq
260 _aDhaka :
_bNational Institute of Population Research and Training,
_c1988.
300 _ax, 238 p. :
_c21 cm.
504 _aincludes index
650 _aBibliography
700 _aHuq, Md. Najmul
942 _2ddc
_cBK
_n0
999 _c1547
_d1547